000 01085nam a22003251i 4500
001 016972905
003 EG-ScBUE
005 20260211093215.0
008 141022s2015 enka f b 001 0beng d
020 _a9780349140438
040 _aStDuBDS
_beng
_erda
_cStDuBDS
_dUk
_dEG-ScBUE
082 0 4 _a338.76100416092
_222
_bISA
100 1 _aIsaacson, Walter,
_eauthor.
245 1 0 _aSteve Jobs /
_cWalter Isaacson.
264 1 _aLondon :
_bAbacus,
_c2015.
300 _axv, 568 pages :
_billustrations ;
_c20 cm
336 _atext
_2rdacontent
_btxt
336 _astill image
_2rdacontent
_btxt
337 _aunmediated
_2rdamedia
_bn
338 _avolume
_2rdacarrier
_bnc
500 _aOriginally published: New York: Simon & Schuster, 2011.
504 _aIncludes bibliographical references and index.
600 1 7 _aJobs, Steve,
_d1955-2011.
_2BUEsh
610 2 7 _aApple Computer, Inc.
_xHistory.
_2BUEsh
650 7 _aComputer engineers
_zUnited States
_vBiography.
_2BUEsh
653 _cFebruary2026
_bGGEN
655 _vReading book
942 _2ddc
_cBB
999 _c31112
_d31083